IMDb's 100 Greatest Female Actors of All Time - Statistics

General Stats
  • This quiz has been taken 355 times
  • The average score is 41 of 100
Answer Stats
Hint Answer % Correct
1 Meryl Streep
92%
73 Audrey Hepburn
84%
4 Bette Davis
76%
57 Geena Davis
73%
8 Kate Winslet
72%
83 Julianne Moore
71%
93 Demi Moore
69%
19 Sharon Stone
69%
7 Elizabeth Taylor
68%
12 Natalie Portman
68%
27 Nicole Kidman
68%
5 Jodie Foster
66%
20 Scarlett Johansson
66%
31 Grace Kelly
65%
24 Judi Dench
65%
3 Vivien Leigh
65%
16 Cate Blanchett
64%
26 Angelina Jolie
63%
2 Ingrid Bergman
63%
76 Catherine Zeta-Jones
62%
37 Jane Fonda
61%
87 Uma Thurman
61%
15 Charlize Theron
60%
39 Frances McDormand
58%
23 Helen Mirren
58%
46 Sally Field
57%
14 Susan Sarandon
56%
75 Glenn Close
55%
44 Kathy Bates
55%
22 Gwyneth Paltrow
54%
47 Diane Keaton
53%
88 Michelle Pfeiffer
53%
38 Helen Hunt
52%
49 Penelope Cruz
52%
74 Greta Garbo
51%
51 Sophia Loren
51%
9 Hilary Swank
50%
36 Sigourney Weaver
50%
11 Shirley MacLaine
49%
48 Faye Dunaway
47%
35 Marion Cotillard
47%
10 Naomi Watts
47%
43 Holly Hunter
45%
40 Jessica Lange
45%
54 Olivia de Havilland
45%
60 Tilda Swinton
45%
100 Doris Day
44%
45 Sissy Spacek
44%
28 Anjelica Huston
42%
91 Whoopi Goldberg
42%
82 Deborah Kerr
40%
13 Jennifer Connelly
39%
95 Rita Hayworth
39%
72 Vanessa Redgrave
39%
17 Rachel Weisz
38%
52 Ellen Burstyn
37%
55 Greer Garson
37%
68 Kathleen Turner
37%
62 Maggie Gyllenhaal
36%
69 Lauren Bacall
35%
18 Diane Lane
34%
67 Juliette Binoche
33%
6 Katherine Hepburn
33%
78 Marisa Tomei
33%
42 Barbara Stanwyck
32%
50 Laura Dern
32%
53 Julie Christie
30%
25 Monica Bellucci
29%
71 Shelley Winters
27%
85 Isabelle Huppert
24%
96 Amanda Seyfried
23%
33 Simone Signoret
23%
59 Rachel McAdams
22%
92 Charlotte Rampling
20%
34 Isabelle Adjani
19%
86 Brittany Murphy
18%
41 Catherine Deneuve
18%
56 Helen Bonham Carter
18%
80 Jennifer Jason Leigh
18%
21 Juliette Lewis
18%
66 Barbara Streisand
17%
84 Emmanuelle Seigner
17%
99 Giulietta Masina
17%
97 Sophie Marceau
17%
79 Geraldine Chaplin
16%
65 Kristin Scott Thomas
16%
32 Patricia Clarkson
16%
29 Romy Schneider
16%
94 Sibel Kekilli
16%
98 Victoria Abril
16%
61 Elisabeth Shue
15%
90 Toni Collette
15%
77 Emmanuelle Béart
14%
89 Evan Rachel Wood
14%
58 Audrey Tautou
13%
64 Franka Potente
13%
63 Maria Bello
12%
70 Ellen Barkin
11%
30 Ashley Judd
8%
81 Birgit Minichmayr
0%
No matching quizzes found
Score Distribution
Percent of People with Each Score
Percentile by Number Answered
Your Score History
You have not taken this quiz